| 000 | 01701nam0a2200361 4500 | ||
|---|---|---|---|
| 001 | RU\NLR\BIBL_A\022337928 | ||
| 005 | 20260420015147.0 | ||
| 010 |
_a978-5-9294-0167-1 _9100 |
||
| 021 |
_aRU _bКН-П-24-047427 _9КН-П-24-4717 |
||
| 035 | _a(NLR Aleph) 022337928 | ||
| 090 |
_a13666071 _c13666071 |
||
| 100 | _a20241001d2023 u y0rusy50 ca | ||
| 101 | 0 | _arus | |
| 102 | _aRU | ||
| 105 | _ag z 000zy | ||
| 181 | 0 |
_ai _baxxe |
|
| 182 | 0 | _an | |
| 200 | 1 |
_aГармония в одноголосии _eучебное пособие _fА. П. Ментюков _gНовосибирская государственная консерватория имени М. И. Глинки, Кафедра теории музыки и композиции |
|
| 203 |
_aТекст _bвизуальный _cнепосредственный |
||
| 210 |
_aНовосибирск _cНовосибирская государственная консерватория _d2023 |
||
| 215 |
_a98, [1] с. _cноты _d21 |
||
| 225 | 1 | _aУчебная библиотека | |
| 320 | _aБиблиогр.: с. 98-99 и в подстроч. примеч. | ||
| 606 | 1 |
_aГармония (муз.) _jУчебные издания _91388190 _3RU\NLR\AUTH\66269933 |
|
| 606 | 1 |
_aМузыкальная фактура _jУчебные издания _91647699 _3RU\NLR\AUTH\66729085 |
|
| 606 | 1 |
_aМузыка _jУчебные издания _y18 - 20 вв. _92328019 _3RU\NLR\AUTH\661392305 |
|
| 686 | 1 | _aЩ310.54я7 | |
| 686 | 1 | _aЩ313(0)я7 | |
| 700 | 1 |
_aМентюков _bА. П. _gАлександр Павлович |
|
| 942 | _cBOOK | ||
| 980 | _aNB | ||